000
00317 a2200145 4500
001
177137
020
_a
040
_c
Magnum
100
_a
Lima, Cleunice Orlandi de
240
1
0
_a
O guarda-noturno
_l
por
245
1
0
_a
O guarda-noturno
362
0
_a
1899
697
_a
MAGNITO: IJ/SOCIEDADE COTIDIAN
942
_c
BK
999
_c
177137
_d
177137